Franchisingovú komunitu zastrešuje na Slovensku asociácia

Slovenská franchisingová asociácia (SFA) - ochraňuje záujmy podnikateľskej franchisingovej komunity v SR. Vznik asociácie, členovia SFA (v súčasnosti je ich deväť), je to nezisková organizácia. V asociácii existujú štyri kategórie členstva. Výška ročného členského. SFA má vlastnú webovú stránku na i...

Descrizione completa

Salvato in:
Dettagli Bibliografici
Autore principale: Benčík, Patrik
Natura: Capitolo di libro
Lingua:slovacco
Soggetti:
Tags: Aggiungi Tag
Nessun Tag, puoi essere il primo ad aggiungerne!!

MARC

LEADER 00000naa a2200000 4500
001 r040483
005 20230921111134.4
041 0 |a slo 
044 |a SK 
245 1 0 |a Franchisingovú komunitu zastrešuje na Slovensku asociácia  |c Patrik Benčík 
520 |a Slovenská franchisingová asociácia (SFA) - ochraňuje záujmy podnikateľskej franchisingovej komunity v SR. Vznik asociácie, členovia SFA (v súčasnosti je ich deväť), je to nezisková organizácia. V asociácii existujú štyri kategórie členstva. Výška ročného členského. SFA má vlastnú webovú stránku na internete. Tri základné dokumenty asociácie - stanovy, prijímací poriadok a etický kódex. 
610 2 0 |a franchising 
610 2 0 |a združenia 
610 2 0 |a stanovy 
610 2 0 |a kódexy etické 
610 2 0 |a Slovensko 
610 2 0 |a Slovenská franchisingová asociácia 
100 1 |a Benčík, Patrik